| 000 | 00687cam a2200217 4500500 | ||
|---|---|---|---|
| 005 | 20260405004037.0 | ||
| 041 | _afre | ||
| 042 | _adc | ||
| 100 | 1 | 0 |
_aLarmagnac-Matheron, Octave _eauthor |
| 245 | 0 | 0 | _aSchopenhauer et la pensée indienne |
| 260 | _c2020. | ||
| 500 | _a100 | ||
| 690 | _aArthur Schopenhauer | ||
| 690 | _aBouddha | ||
| 690 | _aBouddhisme | ||
| 690 | _aInde | ||
| 690 | _aIndividualité | ||
| 690 | _aPitié | ||
| 786 | 0 | _nPhilosophie magazine - Hors séries | Hors-série Hiver-Pritemps 2020 | HS44 | 2020-04-01 | p. 18-18 | 2104-9246 | |
| 856 | 4 | 1 | _uhttps://shs.cairn.info/magazine-philosophie-magazine-2020-hs44-page-18?lang=fr&redirect-ssocas=7080 |
| 999 |
_c2073192 _d2073192 |
||